000 01385nam0a2200337 4500
001 RU\NLR\bibl\1276897
005 20250615135850.0
010 _a978-5-7057-01819-1
_922000
021 _aRU
_b2008-58816
_93281
035 _a(NLR Aleph) 001262721
090 _a389381
_c389381
100 _a20080923d2008 |||y0rusy50 ca
101 0 _arus
102 _aRU
105 _ay |||||||||
200 1 _aКультурно-досуговая деятельность детей 5-6 лет
_eтеатрализованные диско-программы, сказочные эстафеты, познавательно-игровые инсценировки
_fЕ.А. Гальцова
210 _aВолгоград
_cУчитель
_d2008 (макет 2009)
215 _a174 с.
_d22
225 1 _aДошкольное воспитание
300 _aНа обл. авт. не указан
606 1 _aДошкольники
_xХудожественное воспитание
_xИспользование театра
_2nlr_sh2
_3RU\NLR\AUTH\6601748908
686 1 _aЧ411.355.25
686 1 _aЩ338.3(2)7-9-4
700 1 _aГальцова
_bЕ. А.
_gЕвгения Алексеевна
_4070
801 0 _aRU
_bNLR
_c20080923
_gRCR
801 1 _aRU
_bNLR
_c20080923
830 _aАвт. по кн.
942 _cBOOK
980 _aNB